| 000 | 00000nam##2200000za#4500 |
| 001 | 9.602676 |
| 003 | CaOODSP |
| 005 | 20210624210705 |
| 007 | cr ||||||||||| |
| 008 | 150406|2001||||xxc|||||o f|0| 0 fre|d |
| 040 | |aCaOODSP|bfre |
| 043 | |an-cn--- |
| 086 | 1 |aNH18-22/101-133F-PDF |
| 110 | 2 |aSociété canadienne d'hypothèques et de logement. |
| 245 | 10|aSolution de rechange économique pour l'entretien et l'inspection des égouts municipaux |h[ressource électronique] |
| 260 | |aOttawa - Ontario : |bSociété canadienne d'hypothèques et de logement |c[2001]. |
| 300 | |a4p.|bfigure, tableau |
| 490 | 1 |aLe point en recherche. Série technique |v01-133 |
| 590 | |a11-29-Supp|b2011-11-25 |
| 691 | 07|aGestion de l'eau|2gcpds |
| 691 | 07|aGestion des déchets|2gcpds |
| 691 | 07|aInfrastructure|2gcpds |
| 691 | 07|aCommunauté urbaine|2gcpds |
| 775 | 08|tLower cost alternative for municipal sewer inspection and maintenance |w(CaOODSP)9.572298 |
| 776 | 0#|tSolution de rechange économique pour l'entretien et l'inspection des égouts municipaux |w(CaOODSP)9.625860 |
| 830 | #0|aLe point en recherche. Série technique ;|v01-133|w(CaOODSP)9.501067 |
| 856 | 40|ahttp://publications.gc.ca|qPDF|s123 Ko|uhttps://publications.gc.ca/collections/Collection/NH18-22-101-133F.pdf|y01-133 |